000 00832nam0a22002531 4500
001 rc\3033365
005 20250806201718.0
035 _a(NLR Aleph) 007174159
090 _a14204
_c14204
100 _a20111003d1942 u y0rusy50 ca
101 0 _arus
102 _aRU
105 _ac z |||||
200 1 _aПриказ Народного комиссара обороны № 130 1 мая 1942 года г. Москва
210 _aНальчик
_cКабгосиздат
_d1942
215 _a18 с.
_cпортр.
_d16 см
700 1 _aСталин
_bИ.В.
_f1879-1953
_gИосиф Виссарионович
801 0 _aRU
_bNLR
_gpsbo
801 1 _aRU
_bELAR
_2rusmarc
852 _aNLR
_jDesideratum
942 _cBOOK
945 _aРоссийская национальная библиотека
980 _aNB
980 _aBV